000 00710nam a2200241Ia 4500
003 OSt
005 20220925211000.0
006 a|||||r|||| 00| 0
007 ta
008 220923b |||||||| |||| 00| 0 eng d
037 _cGeneral Book
040 _aRTL
_cRTL
_beng
041 _2eng
_aeng
082 _aY:677.2.N8, M9
100 _aPimpley P N, and others Ed.
_9273609
245 0 _aSocial development
_b Processes and consequences
260 _aJaipur
_bRawat
_c1989
300 _a336p
_ccm.
500 _aBibliography chapterwise
650 _aSocial Development
_9230960
942 _hY:677.2.N8, M9
_cGB
_2CC
999 _c556403
_d556403